Usury, interest, and the Reformation
Saved in:
| Main Author: | |
|---|---|
| Format: | Book |
| Language: | English |
| Published: |
Aldershot, Hants :
Ashgate,
c2002
|
| Series: | St. Andrews studies in Reformation history
|
| Subjects: | |
| Tags: |
Add Tag
No Tags, Be the first to tag this record!
|
MARC
| LEADER | 00000nam a2200000 i 4500 | ||
|---|---|---|---|
| 001 | 1/88352 | ||
| 008 | 080610s2002 eng d | ||
| 020 | |a 0-7546-0688-0 | ||
| 035 | |l 10098093 | ||
| 040 | |a GR-MY-UA |b gre |e aacr | ||
| 041 | 0 | |a eng | |
| 082 | 0 | |a 241.644 |2 (22) | |
| 100 | 1 | |a Kerridge, Eric. | |
| 245 | 1 | 0 | |a Usury, interest, and the Reformation / |c Eric Kerridge |
| 260 | |a Aldershot, Hants : |b Ashgate, |c c2002 | ||
| 300 | |a ix, 191 σ.; |c 24 εκ. | ||
| 490 | 1 | |a St. Andrews studies in Reformation history | |
| 504 | |a Βιβλιογραφία: σ. [173]-188 | ||
| 504 | |a Ευρετήριο: σ. [189]-191 | ||
| 650 | 0 | 0 | |a Usury |z England |x History |y 16th century |x Sources. |
| 650 | 0 | 0 | |a Usury |x Religious aspects |x Christianity. |
| 650 | 0 | 0 | |a Reformation. |
| 830 | 0 | |a St. Andrews studies in Reformation history | |
| 852 | |a INST |b LESVOS |e 20080610 |h 241.644 KER |p 005100041620 |q 005100041620 |t BK |y 0 | ||
| 901 | |a BIBL1-2008-2 | ||
| 909 | |a Λ |b 144076 | ||
| 922 | |a 1ΕΛΗ |b 200801 |c ΕΠΕΑΕΚ2/ΤΚΑ |d ΠΑΠΑΣΩΤΗΡΙΟΥ | ||
| 970 | |a ΚΑΡΑ |b ΓΙΑΣΕΜΗ |z 2008/06/10 | ||